Bưu điện Việt Nam.

Wedi'i Gadw mewn:
Manylion Llyfryddiaeth
Fformat: Cyfresol
Iaith:Vietnamese
Cyhoeddwyd: Hà Nội : Cơ quan của Bộ Thông tin và truyền thông.
Pynciau:
Tagiau: Ychwanegu Tag
Dim Tagiau, Byddwch y cyntaf i dagio'r cofnod hwn!
Thư viện lưu trữ: Mạng thư viện Đại học Đà Nẵng
LEADER 00716cas a2200289 a 4500
001 000043231
003 1106
005 20110823100729.0
008 110823b vm 000 vie
040 |a IRC  |c IRC  |d IRC 
041 0 |a vie 
082 1 4 |a 383.05  |b Bư-Đ 
245 0 0 |a Bưu điện Việt Nam. 
260 |a Hà Nội :  |b Cơ quan của Bộ Thông tin và truyền thông. 
300 |c 28 cm. 
310 |a Hàng tháng. 
630 0 4 |a Bưu điện. 
650 0 4 |a Bưu điện  |v Tạp chí. 
OWN |a DUT 
999 |a From the UDN01 
TYP |a Printed language 
980 |a Mạng thư viện Đại học Đà Nẵng